[Event "COL-chT"]
[Site "Risaralda"]
[Date "2023.11.23"]
[Round "7.3"]
[White "Andrade Truyol, Geiner Jose"]
[Black "Corpus Vanegas, Jair Samir"]
[Result "1-0"]
[WhiteElo "1978"]
[BlackElo "1839"]
[PlyCount "57"]
[EventDate "2023.11.19"]
[EventType "team-swiss"]
[EventRounds "7"]
[EventCountry "COL"]
[SourceTitle "CB49_2023"]
[SourceDate "2023.12.06"]
[SourceVersion "1"]
[SourceVersionDate "2023.12.06"]
[SourceQuality "1"]
[WhiteTeam "Cesar"]
[BlackTeam "San Andres Islas"]
[WhiteTeamCountry "COL"]
[BlackTeamCountry "COL"]

1. e4 e5 2. Nf3 Nc6 3. Bc4 Bc5 4. c3 Nf6 5. d4 exd4 6. b4 Nxb4 7. cxb4 Bxb4+ 8. Bd2 Bc5 9. e5 Ne4 10. 0-0 0-0 11. Re1 d5 12. exd6 Nxd6 13. Bg5 Qd7 14. Re7 Qg4 15. Re5 Bb6 16. h3 Qd7 17. Re7 Qc6 18. Bb3 Qc5 19. Nbd2 Bf5 20. Rc1 Qb4 21. g4 Bg6 22. Ne5 Rfe8 23. Nxg6 hxg6 24. Qe2 Rxe7 25. Qxe7 Re8 26. Bxf7+ Kh7 27. Bxe8 Qb2 28. Ne4 Nxe4 29. Qxe4 1-0